| 000 | 00584nam a2200181 4500 | ||
|---|---|---|---|
| 003 | CO-ViMGA | ||
| 020 | _a9789587661767 | ||
| 040 |
_aCO-ViMGA _bspa _cCO-ViMGA |
||
| 082 | 0 | 4 | _aC PARt |
| 245 | 1 | 0 |
_aTerriblemente divertidos : _bMonsters University / _cAmy Paradise, traduccion Marcela Tedesco |
| 260 |
_aBogota : _bPanamericana Editorial, _c2013. |
||
| 300 |
_a[11] paginas : _bil. ; 5 rompecabezas ; 21 cm. |
||
| 650 | 1 | 4 |
_aCuentos infantiles _92223 |
| 650 | 1 | 4 |
_aLiteratura infantil _91707 |
| 650 | 1 | 4 |
_aRompecabezas _92143 |
| 700 | 1 |
_aTedesco, Marcela, _etr. _92224 |
|
| 942 |
_2ddc _cBK |
||
| 999 |
_c37143 _d37143 |
||